000
002810000a22000970004500
100
1
_a
Bonilla A., Plutarco
245
1
0
_a
La crisis suprema : Reflexiones en torno a la muerte
300
_a
Vol. 46, Núm 196 (1991), Páginas 21-22
773
0
_t
La Biblia de las Américas
942
_c
ANA
999
_c
51327
_d
51327